Labour turnover in the construction industry (Record no. 94972)

MARC details
000 -LEADER
fixed length control field 00511cam a2200193 4500
001 - CONTROL NUMBER
control field D2026
008 - FIXED-LENGTH DATA ELEMENTS--GENERAL INFORMATION
fixed length control field 090401t1984 xxu||||| |||| 00| 0 eng d
035 ## - SYSTEM CONTROL NUMBER
System control number (Sirsi) u67136
041 ## - LANGUAGE CODE
Language code of text/sound track or separate title eng
050 ## - LIBRARY OF CONGRESS CALL NUMBER
Classification number 338.4769
100 ## - MAIN ENTRY--PERSONAL NAME
Personal name Burch, T.
245 ## - TITLE STATEMENT
Title Labour turnover in the construction industry
260 ## - PUBLICATION, DISTRIBUTION, ETC.
Place of publication, distribution, etc. Ascot, Berks
Name of publisher, distributor, etc. The Chartered Institute of Building
Date of publication, distribution, etc. 1984
300 ## - PHYSICAL DESCRIPTION
Extent 7p. 30cm
350 ## - PRICE (NR) (BK AM CF MU VM SE) [OBSOLETE]
Price 0
490 ## - SERIES STATEMENT
Series statement Technical Information Service
-- Management
Volume/sequential designation 33
942 ## - ADDED ENTRY ELEMENTS (KOHA)
Suppress in OPAC 0
948 ## - LOCAL PROCESSING INFORMATION (OCLC); SERIES PART DESIGNATOR (RLIN)
c (OCLC) 04/03/1997
Holdings
Withdrawn status Lost status Source of classification or shelving scheme Damaged status Not for loan Home library Current library Shelving location Date acquired Total Checkouts Full call number Barcode Date last seen Date last checked out Copy number Price effective from Koha item type
    Dewey Decimal Classification     London London Enquiry desk 07/12/1992 1 BOXED SET 30030981 06/08/2019 19/07/2006 1 06/08/2019 Book